<?xml version="1.0" encoding="UTF-8"?>
<record
    xmlns:xsi="http://www.w3.org/2001/XMLSchema-instance"
    xsi:schemaLocation="http://www.loc.gov/MARC21/slim http://www.loc.gov/standards/marcxml/schema/MARC21slim.xsd"
    xmlns="http://www.loc.gov/MARC21/slim">

  <leader>00733nam a22001577a 4500</leader>
  <controlfield tag="003">SGT</controlfield>
  <datafield tag="020" ind1=" " ind2=" ">
    <subfield code="a">9788131732212</subfield>
  </datafield>
  <datafield tag="082" ind1=" " ind2=" ">
    <subfield code="a">519.46,RAM</subfield>
  </datafield>
  <datafield tag="100" ind1=" " ind2=" ">
    <subfield code="a">RAM BABU</subfield>
  </datafield>
  <datafield tag="245" ind1=" " ind2=" ">
    <subfield code="a">NUMERICAL METHODS</subfield>
  </datafield>
  <datafield tag="260" ind1=" " ind2=" ">
    <subfield code="a">NEW DELHI </subfield>
    <subfield code="b">PEARSON </subfield>
    <subfield code="c">2010</subfield>
  </datafield>
  <datafield tag="300" ind1=" " ind2=" ">
    <subfield code="a">447</subfield>
  </datafield>
  <datafield tag="650" ind1=" " ind2=" ">
    <subfield code="a"> MATHEMATICS</subfield>
  </datafield>
  <datafield tag="653" ind1=" " ind2=" ">
    <subfield code="a"> PRELIMINARIES 1 NONLINEAR EQUATIONS 11 EIGENVALUES 85 FINITE DIFFERENCES	122 CURVE FITTING	213 NUMERICAL DIFFERENTIATION	228 NUMERICAL QUADRATURE	252 DIFFERENCE EQUATIONS	288 PARTIAL DIFFERENTIAL	363 ELEMENTS OF C LANGUAGE	412 APPENDIX	A-1 MODEL PAPER 1	A-11 MODEL PAPER 3 A18	A-18 MODEL PAPER 4 A28	A-28 MODEL PAPER 5 A38	A-38 BIBLIOGRAPHY	A-53 ORDINARY DIFFERENTIAL	301 9	357 COPYRIGHT OTHER EDITIONS - VIEW ALL</subfield>
  </datafield>
  <datafield tag="942" ind1=" " ind2=" ">
    <subfield code="2">ddc</subfield>
    <subfield code="c">FPS</subfield>
  </datafield>
  <datafield tag="952" ind1=" " ind2=" ">
    <subfield code="0">0</subfield>
    <subfield code="1">0</subfield>
    <subfield code="2">ddc</subfield>
    <subfield code="4">0</subfield>
    <subfield code="7">1</subfield>
    <subfield code="8">FS</subfield>
    <subfield code="a">SSSL</subfield>
    <subfield code="b">SSSL</subfield>
    <subfield code="c">REF</subfield>
    <subfield code="d">2016-07-06</subfield>
    <subfield code="e">AHUJA BOOKS </subfield>
    <subfield code="g">450.00</subfield>
    <subfield code="i">SGTU</subfield>
    <subfield code="o">519.46,RAM</subfield>
    <subfield code="p">PS1527</subfield>
    <subfield code="r">2016-07-06 00:00:00</subfield>
    <subfield code="w">2016-03-16</subfield>
    <subfield code="y">FPS</subfield>
    <subfield code="k">6740</subfield>
  </datafield>
  <datafield tag="999" ind1=" " ind2=" ">
    <subfield code="c">9510</subfield>
    <subfield code="d">9510</subfield>
  </datafield>
</record>
